| 000 | 01354nam a2200313Ia 4500 | ||
|---|---|---|---|
| 001 | ebr2001934 | ||
| 003 | CaPaEBR | ||
| 006 | m u | ||
| 007 | cr cn||||||||| | ||
| 008 | 711021r20001905onc sb 000 0 eng d | ||
| 020 | _z1552730506 | ||
| 040 |
_aCaPaEBR _cCaPaEBR |
||
| 035 | _a(OCoLC)70732466 | ||
| 050 | 1 | 4 |
_aHD6460 _b.K8 2000eb |
| 082 | 0 | 4 |
_a338.6/32/0942 _220 |
| 100 | 1 |
_aKramer, Stella, _d1870-1936. |
|
| 245 | 1 | 4 |
_aThe English craft gilds and the government _h[electronic resource] : _ban examination of the accepted theory regarding the decay of the craft gilds / _cStella Kramer. |
| 260 |
_aKitchener, Ont. : _bBatoche, _c2000. |
||
| 300 | _a116 p. | ||
| 500 | _aReprint. Originally published : Studies in history, economics and public law, vol. 23, no. 4. New York: Columbia University Press, 1905. | ||
| 504 | _aIncludes bibliographical notes. | ||
| 533 |
_aElectronic reproduction. _bPalo Alto, Calif. : _cebrary, _d2009. _nAvailable via World Wide Web. _nAccess may be limited to ebrary affiliated libraries. |
||
| 546 | _aEnglish. | ||
| 650 | 0 |
_aGuilds _zGreat Britain. |
|
| 651 | 0 |
_aGreat Britain _xEconomic policy. |
|
| 655 | 7 |
_aElectronic books. _2local |
|
| 710 | 2 | _aebrary, Inc. | |
| 856 | 4 | 0 |
_uhttp://site.ebrary.com/lib/rucke/Doc?id=2001934 _zAn electronic book accessible through the World Wide Web; click to view |
| 999 |
_c126485 _d126485 |
||